Мобильная модульная система автоматизации электрофизиологических исследований; Приборы и техника эксперимента; № 1

Bibliografiske detaljer
Parent link:Приборы и техника эксперимента/ Российская академия наук.— , 1956-.— 0032-8162
№ 1.— 2003.— с. 158-159
Andre forfattere: Данилевич В. В., Григорьев В. Ф., Сагайдак Д. И., Товмасян С. К.
Sprog:russisk
Udgivet: 2003
Serier:Приборы, изготовленные в лаборатория
Fag:
Format: MixedMaterials Book Chapter
KOHA link:https://koha.lib.tpu.ru/cgi-bin/koha/opac-detail.pl?biblionumber=427131

MARC

LEADER 00000naa2a2200000 4500
001 427131
005 20231101074625.0
035 |a (RuTPU)RU\TPU\prd\86255 
035 |a RU\TPU\prd\11764 
090 |a 427131 
100 |a 20100903a2003 k y0rusy50 ca 
101 0 |a rus 
102 |a RU 
200 1 |a Мобильная модульная система автоматизации электрофизиологических исследований  |f В. В. Данилевич, В. Ф. Григорьев, Д. И. Сагайдак, С. К. Товмасян 
225 1 |a Приборы, изготовленные в лаборатория 
461 1 |0 (RuTPU)RU\TPU\prd\300  |x 0032-8162  |t Приборы и техника эксперимента  |f Российская академия наук  |d 1956- 
463 1 |0 (RuTPU)RU\TPU\prd\86220  |t № 1  |v с. 158-159  |d 2003 
610 1 |a системы автоматизации 
610 1 |a электрофизиологические исследования 
610 1 |a психофизиологическая диагностика 
675 |a 615.472:681.327  |v 3 
701 1 |a Данилевич  |b В. В. 
701 1 |a Григорьев  |b В. Ф. 
701 1 |a Сагайдак  |b Д. И. 
701 1 |a Товмасян  |b С. К. 
801 1 |a RU  |b 63413507  |c 20030321  |g PSBO 
801 2 |a RU  |b 63413507  |c 20100903  |g RCR 
942 |c BK